| 000 | 00826cam a2200241 4500 | ||
|---|---|---|---|
| 001 | ABS62870 | ||
| 008 | 000000n2000 000 0 eng u | ||
| 035 | _a(Sirsi) u108434 | ||
| 100 | _aEvers, A. | ||
| 245 | 4 | _aThe new contaminated land regime: implications for surveyors | |
| 260 | _c2000 | ||
| 490 |
_aCSM (Chartered Surveyor Monthly) _vSeptember 2000, 32(1) |
||
| 520 | _aReports on the new regulations dealing with the clean-up of contaminated land and how they will affect surveyors and the advice they give to property developers, landlords and tenants. | ||
| 590 | _aABS | ||
| 650 | _aCONTAMINATED LAND | ||
| 650 | _aPOLLUTION | ||
| 650 | _aSURVEYORS | ||
| 650 | _aREMEDIATION | ||
| 650 | _aENVIRONMENT ACT 1995 | ||
| 690 | _aENVIRONMENTAL AND LAND CONSULTANCY | ||
| 700 | _aCuckson, D. | ||
| 942 | _n0 | ||
| 999 |
_c64740 _d64740 |
||